Trouvez le prénom de ces princesses Disney en 1 min - Statistiques

Statistiques générales
  • Ce quiz a été pris 2 841 fois
  • Le résultat moyen est 10 sur 11
Statistiques - réponses
Par images Réponse % Correct
Blanche-Neige
99%
Belle
96%
Jasmine
94%
Aurore
93%
Mulan
93%
Ariel
90%
Cendrillon
90%
Raiponce
87%
Pocahontas
82%
Tiana
80%
Mérida
72%
Aucun quiz correspondant
Distribution des résultats
% des personnes avec chaque résultat
Percentile par nombre de réponses
Votre historique - résultats
Vous n’avez pas pris ce quiz